|
|
|
|
| LEADER |
01073cam a2200265 7i4500 |
| 001 |
0000054656 |
| 005 |
20200925090000.0 |
| 090 |
0 |
0 |
|a RB113
|b .M33 2018
|
| 100 |
1 |
|
|a McCance, Kathryn L
|
| 245 |
1 |
0 |
|a Pathophysiology :
|b the biologic basis for disease in adults and children
|c Kathryn L. McCance, Sue E. Huether ; section editors, Valentina L. Brashers, Neal S. Rote.
|
| 264 |
|
1 |
|a St. Louis, Missouri:
|b Elsevier,
|c [2018].
|
| 300 |
|
|
|a 1 online resource:
|b illustrations, text file, PDF.
|
| 336 |
|
|
|a text
|2 rdacontent
|
| 337 |
|
|
|a computer
|2 rdamedia
|
| 338 |
|
|
|a online resource
|2 rdacarrier
|
| 650 |
|
0 |
|a Nursing
|
| 650 |
|
0 |
|a Physiology, Pathological
|
| 655 |
|
0 |
|a Electronic books
|
| 700 |
1 |
|
|a Huether, Sue E.
|
| 700 |
1 |
|
|a Brashers, Valentina L.
|
| 700 |
1 |
|
|a Rote, Neal S.
|
| 856 |
4 |
2 |
|u http://library.unisel.edu.my/equip-unisel/custom/ebook_catalog/ebook/Pathophysiology_TheBiologicBasisforDiseaseinAdultsandChildrencompressed.pdf
|
| 997 |
|
|
|a Health Sciences, Faculty
|
| 998 |
|
|
|a Nursing, Diploma
|
| 999 |
|
|
|a EBO0001183
|b EBOOK
|c EBOOK
|e Electronic resources
|